Statistics for Largest cities in Bulgaria

Click here to take the quiz!

General Stats

  • This quiz has been taken 34 times
  • The average score is 4 of 5

Answer Stats

Answer % Correct
Sofia
100%
Plovdiv
75%
Varna
69%
Burgas
63%
Ruse
50%

Score Distribution

Percentile by Number Answered

Percent of People with Each Score

Your Score History

You have not taken this quiz